|
|
|
|
| LEADER |
00907naa a2200241 i 4500 |
| 001 |
publ23884 |
| 005 |
20220329085455.0 |
| 008 |
220329s2021 hu o 0|| Angol d |
| 020 |
|
|
|a 9789633068038
|
| 024 |
7 |
|
|a 10.14232/sua.2021.54.275-287
|2 doi
|
| 024 |
7 |
|
|a 32122503
|2 mtmt
|
| 040 |
|
|
|a SZTE Publicatio Repozitórium
|b hun
|
| 041 |
|
|
|a Angol
|
| 100 |
1 |
|
|a Szeverényi Sándor
|
| 245 |
1 |
0 |
|a Ethnosyntax in Siberian Uralic languages
|h [elektronikus dokumentum] /
|c Szeverényi Sándor
|
| 260 |
|
|
|a University of Szeged, Department of Altaic Studies; University of Szeged, Department of Finno-Ugrian Philology
|b Szeged
|c 2021
|
| 300 |
|
|
|a 13
|
| 300 |
|
|
|a 275-287
|
| 490 |
0 |
|
|a Uralic studies, languages, and researchers
|
| 650 |
|
4 |
|a Nyelvek és irodalom
|
| 700 |
0 |
1 |
|a Bíró Bernadett
|e aut
|
| 700 |
0 |
1 |
|a Sipőcz Katalin
|e aut
|
| 856 |
4 |
0 |
|u http://publicatio.bibl.u-szeged.hu/23884/1/17_BSS.pdf
|z Dokumentum-elérés
|